Die Störungen der Sprache 22. Capitel : Die leitenden Principien für die Localisation der corticalen Functionen der Sprache und von der Natur dieser Functionen, Versuche über das corticale Centrum der Mundbewegungen, Die Schwierigkeiten der Localisation der sprachfunctionen in der Rinde auf dem klinischen Wege, Nothwendigkeit des Gesetzes der Stellvertretung zur Erklärung der klinischen Erfahrungen über die Folgen umschriebener Ausschaltung von Rindensuhstanz /
Elmentve itt :
| Szerző: | |
|---|---|
| Dokumentumtípus: | Cikk |
| Megjelent: |
1877
|
| Sorozat: | Kolligátum
|
| Kulcsszavak: | Patológia - tankönyv |
| Online Access: | http://misc.bibl.u-szeged.hu/24167 |
| LEADER | 00975nab a2200169 i 4500 | ||
|---|---|---|---|
| 001 | misc24167 | ||
| 005 | 20191111110716.0 | ||
| 008 | 170911s1877 hu o 0|| zxx d | ||
| 040 | |a SZTE Miscellanea Repozitórium |b hun | ||
| 041 | |a zxx | ||
| 100 | 1 | |a Kussmaul Adolf | |
| 245 | 1 | 4 | |a Die Störungen der Sprache |h [elektronikus dokumentum] : |b 22. Capitel : Die leitenden Principien für die Localisation der corticalen Functionen der Sprache und von der Natur dieser Functionen, Versuche über das corticale Centrum der Mundbewegungen, Die Schwierigkeiten der Localisation der sprachfunctionen in der Rinde auf dem klinischen Wege, Nothwendigkeit des Gesetzes der Stellvertretung zur Erklärung der klinischen Erfahrungen über die Folgen umschriebener Ausschaltung von Rindensuhstanz / |c Kussmaul Adolf |
| 260 | |c 1877 | ||
| 300 | |a 125-132 | ||
| 490 | 0 | |a Kolligátum | |
| 695 | |a Patológia - tankönyv | ||
| 856 | 4 | 0 | |u http://misc.bibl.u-szeged.hu/24167/1/010_024_125-132.pdf |z Dokumentum-elérés |